Statistics for Merlin Episodes

Click here to take the quiz!

General Stats

  • This quiz has been taken 207 times
    (150 since last reset)
  • The average score is 34 of 65

Answer Stats

HintAnswer% Correct
S01E05Lancelot
88%
S03E04Gwaine
80%
S01E01The Dragon's Call
75%
S02E09The Lady of the Lake
72%
S01E02Valiant
72%
S02E05Beauty and the Beast
69%
S02E06Beauty and the Beast II
69%
S03E01The Tears of Uther Pendragon
69%
S03E02The Tears of Uther Pendragon: Part 2
69%
S05E12The Diamond of the Day: Part 1
68%
S05E13The Diamond of the Day: Part 2
68%
S01E09Excalibur
65%
S02E13The Last Dragonlord
65%
S01E04The Poisoned Chalice
65%
S03E03Goblin's Gold
62%
S01E13Le Morte d'Arthur
62%
S04E06A Servant of Two Masters
60%
S01E03The Mark of Nimueh
60%
S04E12The Sword in the Stone: Part 1
60%
S04E13The Sword in the Stone: Part 2
60%
S02E07The Witchfinder
60%
S01E08The Beginning of the End
58%
S02E04Lancelot and Guinevere
57%
S03E06The Changeling
57%
S04E04Aithusa
55%
S02E01The Curse of Cornelius Sigan
55%
S04E01The Darkest Hour
55%
S04E02The Darkest Hour: Part 2
55%
S05E06The Dark Tower
55%
S01E06A Remedy to Cure All Ills
54%
S04E09Lancelot du Lac
54%
S05E03The Death Song of Uther Pendragon
54%
S01E11The Labyrinth of Gedref
54%
S05E09With All My Heart
52%
S03E08The Eye of the Phoenix
51%
S02E11The Witch's Quickening
51%
S01E12To Kill the King
51%
S03E12The Coming of Arthur: Part 1
49%
S03E13The Coming of Arthur: Part 2
49%
S02E12The Fires of Idirsholas
49%
S02E02The Once and Future Queen
49%
S02E10Sweet Dreams
48%
S01E10The Moment of Truth
48%
S05E01Arthur's Bane: Part 1
46%
S05E02Arthur's Bane: Part 2
46%
S03E09Love in the Time of Dragons
46%
S04E08Lamia
45%
S03E05The Crystal Cave
43%
S05E05The Disir
43%
S05E08The Hollow Queen
43%
S03E07The Castle of Fyrien
40%
S01E07The Gates of Avalon
40%
S04E05His Father's Son
38%
S03E10Queen of Hearts
38%
S02E08The Sins of the Father
38%
S03E11The Sorcerer's Shadow
38%
S02E03The Nightmare Begins
37%
S04E11The Hunter's Heart
35%
S04E10A Herald of the New Age
34%
S05E04Another's Sorrow
32%
S05E11The Drawing of the Dark
32%
S04E07The Secret Sharer
31%
S05E10The Kindness of Strangers
29%
S04E03The Wicked Day
28%
S05E07A Lesson in Vengeance
26%

Score Distribution

Percentile by Number Answered

Percent of People with Each Score

Your Score History

You have not taken this quiz since the last reset